مناهج الصم : التخطيط والبناء والتنفيذ / (رقم التسجيلة. 80252)

تفاصيل مارك
000 -LEADER
fixed length control field 00581nam a22001937a 4500
005 - DATE AND TIME OF LATEST TRANSACTION
control field 20251108172455.0
008 - FIXED-LENGTH DATA ELEMENTS--GENERAL INFORMATION
fixed length control field 250721s9999 xx 000 0 ara d
082 14 - DEWEY DECIMAL CLASSIFICATION NUMBER
Classification number 375 / اني
100 1# - MAIN ENTRY--PERSONAL NAME
Personal name لقاني، احمد حسين
245 10 - TITLE STATEMENT
Title مناهج الصم : التخطيط والبناء والتنفيذ /
264 1# - PRODUCTION, PUBLICATION, DISTRIBUTION, MANUFACTURE, AND COPYRIGHT NOTICE
Place of production, publication, distribution, manufacture القاهرة :
Name of producer, publisher, distributor, manufacturer عالم الكتب،
300 ## - PHYSICAL DESCRIPTION
Extent 276ص
650 17 - SUBJECT ADDED ENTRY--TOPICAL TERM
Topical term or geographic name as entry element المناهج
650 17 - SUBJECT ADDED ENTRY--TOPICAL TERM
Topical term or geographic name as entry element الصم
650 17 - SUBJECT ADDED ENTRY--TOPICAL TERM
Topical term or geographic name as entry element تخطيط المناهج
700 1# - ADDED ENTRY--PERSONAL NAME
Personal name قرشي، أمير
Relator term مؤلف مشارك
942 ## - ADDED ENTRY ELEMENTS (KOHA)
Source of classification or shelving scheme Dewey Decimal Classification
Koha item type كتب
المقتنيات
حالة السحب حالة الفقدان مصدر التصنيف حالة التلف غير قابل للإعارة المكتبة الرئيسية المكتبة الحالية موقع الرف تاريخ التزويد الرقم المتسلسل Total Checkouts رقم الإستدعاء الباركود تاريخ آخر ظهور تاريخ الفاتورة نوع المادة (كوها)
    Dewey Decimal Classification     مكتبة البراعم الواعدة مكتبة البراعم الواعدة الإعارة 21/06/2015 1474006   375 / اني PLD00332845 28/07/2025 21/06/2015 كتب
Implemented & Customized by: BBB with SCIT (Smart Chains for Information Technology)

Powered by Koha